Broadway masters. 6, Broadway masters with Courtney Reed /

Up close and personal with Broadway's best, Broadway Masters lets viewers into the minds and imaginations of 10 of the industry's top performers, who offer penetrating insight and an unforgettable education on how they made it to Broadway. Courtney Reed give us a look into what it is like...

Full description

Bibliographic Details
Other Authors: McGill, Paul, 1987- (Director, Interviewer), Lovingood, Marcus (Producer)
Format: Video
Language:English
Language Notes:In English.
Published: New York, NY : Broadway Licensing, 2016.
Series:Academic Video Online
Subjects:
Online Access:Connect to this streaming video (Alexander Street Press)

MARC

Tag First Indicator Second Indicator Subfields
LEADER 00000cgm a2200000Mi 4500
001 in00005604713
006 m o c
007 cr |n||||||||a
007 vz |za|z|
008 230323s2016 nyu046 e o vleng d
005 20241201234442.7
035 |a (OCoLC)on1376038139 
040 |a ALSTP  |b eng  |e rda  |c ALSTP  |d OCLCF  |d OCLCO  |d OCLCL  |d DXU 
019 |a 1444011565 
035 |a (OCoLC)1376038139  |z (OCoLC)1444011565 
043 |a n-us--- 
049 |a TXAM 
245 0 0 |a Broadway masters.  |n 6,  |p Broadway masters with Courtney Reed /  |c produced by Marcus Lovingood ; directed by Paul McGill ; a Lovingood Studios production. 
246 1 0 |a Broadway masters with Courtney Reed 
246 1 |a Becoming a Disney princess 
246 1 0 |a Courtney Reed 
264 1 |a New York, NY :  |b Broadway Licensing,  |c 2016. 
300 |a 1 online resource (46 minutes) 
306 |a 004511 
336 |a two-dimensional moving image  |b tdi  |2 rdacontent 
337 |a computer  |b c  |2 rdamedia 
337 |a video  |b v  |2 rdamedia 
338 |a online resource  |b cr  |2 rdacarrier 
347 |a video file  |2 rdaft 
490 0 |a Academic Video Online 
500 |a Title from title screen (viewed March 23, 2023). 
511 0 |a Courtney Reed, interviewee ; Paul McGill, interviewer ; Marcus Lovingood, presenter. 
520 |a Up close and personal with Broadway's best, Broadway Masters lets viewers into the minds and imaginations of 10 of the industry's top performers, who offer penetrating insight and an unforgettable education on how they made it to Broadway. Courtney Reed give us a look into what it is like to work as the ingenue on Broadway in a popular Disney production, but how street smarts, determination and relentless commitment gave her an edge on the competition. 
546 |a In English. 
600 1 0 |a Reed, Courtney  |v Interviews. 
650 0 |a Actors  |z United States  |v Interviews. 
650 0 |a Theater  |z United States. 
650 0 |a Musicals  |x History and criticism. 
650 6 |a Acteurs  |z États-Unis  |v Entretiens. 
650 6 |a Théâtre  |z États-Unis. 
650 6 |a Comédies musicales  |x Histoire et critique. 
650 7 |a Actors  |2 fast 
650 7 |a Musicals  |2 fast 
650 7 |a Theater  |2 fast 
651 7 |a United States  |2 fast  |1 https://id.oclc.org/worldcat/entity/E39PBJtxgQXMWqmjMjjwXRHgrq 
655 7 |a documentary film.  |2 aat 
655 7 |a interviews.  |2 aat 
655 7 |a Criticism, interpretation, etc.  |2 fast 
655 7 |a Documentary films  |2 fast 
655 7 |a Interviews  |2 fast 
655 7 |a Documentary films.  |2 lcgft 
655 7 |a Interviews.  |2 lcgft 
655 7 |a Documentaires.  |2 rvmgf 
655 7 |a Interviews.  |2 rvmgf 
700 1 |a Reed, Courtney,  |e interviewee. 
700 1 |a McGill, Paul,  |d 1987-  |e director,  |e interviewer. 
700 1 |a Lovingood, Marcus,  |e producer,  |e on-screen presenter. 
710 2 |a Broadway Licensing,  |e publisher. 
856 4 0 |u http://proxy.library.tamu.edu/login?url=https://www.aspresolver.com/aspresolver.asp?MARC;5402771  |z Connect to this streaming video (Alexander Street Press)  |t 0 
955 |a Alexander Street Press subscription streaming video 
994 |a 92  |b TXA 
999 f f |s e030c71a-7d2b-4a40-8d1c-722d4820d9de  |i c8ed4792-ea0d-416d-9c73-4be59c12cb7c  |t 0 
952 f f |a Texas A&M University  |b College Station  |c Electronic Resources  |d Available Online  |t 0  |h Library of Congress classification 
998 f f |t 0  |l Available Online